| 000 | 01330nam a2200265Ia 4500 | ||
|---|---|---|---|
| 999 |
_c54939 _d54939 |
||
| 001 | 22010 | ||
| 003 | GE_BSU | ||
| 005 | 20220926123022.0 | ||
| 008 | 181216s ||||ge |||||||||||||| ||geo|| | ||
| 040 | _cGE_BSU | ||
| 041 | _ageo | ||
| 080 | _a821.353.1-092 ნ-32 | ||
| 100 |
_aნატროშვილი, გიორგი _93756 |
||
| 245 |
_aდავით გურამიშვილი : _bცხოვრება და შემოქმედება / _cგიორგი ნატროშვილი ; რედაქტორი ლ. არაბიძე ; მხატვ. ვ. ხიდაშვილი. |
||
| 250 | _aმეორე გამოცემა | ||
| 264 |
_aთბილისი : _bმერანი, _c1980. |
||
| 300 |
_a154 გვ. ; _c21 სმ. |
||
| 541 | _h7ლ. | ||
| 653 | _aდავით გურამიშვილი : ცხოვრება და შემოქმედება | ||
| 653 | _a ქართული ლიტერატურის ისტორია და კრიტიკა | ||
| 653 | _aქართული ლიტერატურა | ||
| 700 |
_aარაბიძე, ლ. _eრედაქტორი _94164 |
||
| 700 |
_aხიდაშვილი, ვ. _eმხატვარი _914798 |
||
| 942 |
_cBK _2udc |
||